书目信息 |
| 题名: |
奉天通志
|
|
| 作者: | 王树楠 纂 | |
| 分册: | 一 | |
| 出版信息: | 沈阳 文史丛书编辑委员会 1983 |
|
| 页数: | 1070页 | |
| 开本: | 26cm | |
| 丛书名: | ||
| 单 册: | ||
| 中图分类: | K293.11 | |
| 科图分类: | ||
| 主题词: | 中国--地方史--辽宁 , 中国--地方志--辽宁 | |
| 电子资源: | ||
| ISBN: | ||
| 000 | 00664nam0 2200241 45 | |
| 001 | 0183003938 | |
| 005 | 20050430112808.5 | |
| 010 | @b精装@dCNY110.00 | |
| 100 | @a19950616d1983 em y0chiy0121 ea | |
| 101 | 0 | @achi |
| 102 | @aCN@b210000 | |
| 105 | @ay z 000yy | |
| 200 | 10 | @a奉天通志@Afeng tian tong zhi@h一@f王树楠等纂@FWang Shu Nan Deng Zuan |
| 205 | @b影印本 | |
| 210 | @a沈阳@c文史丛书编辑委员会@d1983 | |
| 215 | @a1070页@d26cm | |
| 606 | 0 | @a中国@x地方史@y辽宁 |
| 606 | 0 | @a中国@x地方志@y辽宁 |
| 690 | @aK293.11@v3 | |
| 701 | 0 | @a王树楠@4纂 |
| 801 | 0 | @aCN@b上海图书馆@c20050105 |
| 801 | 2 | @aCN@bNLC@c20050105 |
| 905 | @dK293.11@e55:1@f1@b134706 | |
| 奉天通志.一/王树楠等纂.-影印本.-沈阳:文史丛书编辑委员会,1983 |
| 1070页;26cm |
| ISBN (精装):CNY110.00 |
| ● |
| 相关链接 |
|
|
|
|
正题名:奉天通志
索取号:K293.11/55:1
 
预约/预借
| 序号 | 登录号 | 条形码 | 馆藏地/架位号 | 状态 | 备注 |
| 1 | 0134706 | 002034943 | 工具书阅览室/ [索取号:K293.11/55:1] | 在馆 | |
| 2 | 0134707 | 202084323 | 第二样本阅览室/ [索取号:K293.11/55:1] | 在馆 |